Quiz sur la Chouffe - Statistiques

Statistiques générales
  • Ce quiz a été pris 10 fois
  • Le résultat moyen est 4 sur 15
Statistiques - réponses
Hint Réponse % Correct
Quelle est la teneur en alcool de la Chouffe blonde (l'originale) ? 8%
75%
Dans quelle ville est installée la brasserie produisant la Chouffe ? Achouffe
75%
En quelle langue peut-on effectuer une visite guidée de la brasserie produisant la Chouffe ? Anglais/Français/Néerlandais
50%
Quel est le nom de la Chouffe parfumée à la cerise ? Cherry Chouffe
50%
Quel est le prénom du lutin emblème de la Chouffe blonde ? Marcel
25%
Quel est le nom de la Chouffe brune ? McChouffe
25%
Quelle entreprise produit les bouteilles de Chouffe de 33cl ? Owens-Illinois (O-I)
25%
Dans quel pays la Chouffe s'est-elle vu attribuer le titre de "bière du siècle" en 1999 ? Pays-Bas
25%
En quelle année a été fondée la brasserie qui produit la Chouffe ? 1982
13%
Quel lien lie les créateurs de la Chouffe ? Beaux-frères
13%
Qui est l'auteur de la chanson à l'origine du surnom de ce lutin ? Jacques Brel
13%
Quel est le nom du lutin associé à cette Chouffe ? Micheline
13%
A quel groupe brassicole la Chouffe appartient-elle ? Duvel Moortgat
0%
Quel est le nom du lutin associé à cette Chouffe ? Malcolm
0%
Quel est le nom du lutin associé à la Chouffe IPA ? Matthew
0%
Aucun quiz correspondant
Distribution des résultats
% des personnes avec chaque résultat
Percentile par nombre de réponses
Votre historique - résultats
Vous n’avez pas pris ce quiz